| 000 | 01469nam a2200277Ia 4500 | ||
|---|---|---|---|
| 001 | 18386 | ||
| 003 | GE_BSU | ||
| 008 | 181216s||||||||xx |||||||||||||| ||und|| | ||
| 020 | _a978-9941-11-455-7 | ||
| 040 | _cGE_BSU | ||
| 080 | _a659.1 | ||
| 100 | _aბელჩი, ჯორჯ ი., და ბელჩი, მაიკლ ე. | ||
| 245 | _aრეკლამა და პრომოცია: ინტეგრირებული მარკეტინგული კომუნიკაციების ხედვა | ||
| 245 | _cრედ.: ნინო აბესაძე, მარიკა კვესელავა და სხვ. მთარგმნ.: ხათუნა ბასილაშვილი, მაია გოგოლაძე და სხვ. | ||
| 260 | _aთბილისი | ||
| 260 | _bდიოგენე | ||
| 260 | _c2014 | ||
| 300 | _a825 გვ. : ილ. ; 27 სმ. | ||
| 300 | _eრეკლამისა და პრომოციის ტერმინების გლოსარიუმი: გვ. 761-773. - | ||
| 520 | _aშენიშვნები: გვ. 774-804. | ||
| 541 | _h70ლ. | ||
| 653 | _aინტეგრირებული მარკეტინგული კომუნიკაციების ხედვა | ||
| 653 | _aრეკლამა | ||
| 653 | _aრეკლამა და პრომოცია | ||
| 942 | _cBK | ||
| 999 |
_c51401 _d51401 |
||